Music Quiz

Random Music or Pop Music Quiz

25 Lyrics- 2015 Quiz Stats

 Plays Quiz not verified by Sporcle

Support Sporcle.
Go Orange.
Score 0/25 Timer 06:00
0 Plays Today
% Correct
Hotline Bling, Drake
84.7%
Blank Space, Taylor Swift
80.9%
Take Me to Church, Hozier
75.7%
Thinking Out Loud, Ed Sheeran
73.2%
Ex's & Oh's, Elle King
70.8%
Can't Feel My Face, The Weeknd
70.6%
Uptown Funk, Mark Ronson featuring Bruno Mars
68.8%
See You Again, Wiz Khalifa featuring Charlie Puth
67.3%
Shake It Off, Taylor Swift
66.4%
Fight Song, Rachel Platten
65.3%
Shut Up and Dance, Walk the Moon
62.4%
I'm Not the Only One, Sam Smith
61.9%
Stay with Me, Sam Smith
60.7%
% Correct
Cheerleader, OMI
58.9%
Lips Are Movin, Meghan Trainor
56.6%
Centuries, Fall Out Boy
55.5%
Riptide, Vance Joy
52.6%
Love Me like You Do, Ellie Goulding
52.1%
Photograph, Ed Sheeran
50.6%
Want to Want Me, Jason Derulo
46.3%
Uma Thurman, Fall Out Boy
40.8%
Sugar, Maroon 5
39.6%
Talking Body, Tove Lo
38.4%
Renegades, X Ambassadors
36.7%
Honey, I'm Good., Andy Grammer
35.9%

You're not logged in!

Compare scores with friends on all Sporcle quizzes.
OR
Log In

From the Vault

Countries Not Invaded by Britain on a Map

by RobPro

We are assuming this is not some sort of bucket list.
Remove Ads.
Support Sporcle.
Get the best of Sporcle when you Go Orange. This ad-free experience offers more features, more stats, and more fun while also helping to support Sporcle. Thank you for becoming a member.

Show Comments

Extras

Top Quizzes Today


Score Distribution

Your Account Isn't Verified!

In order to create a playlist on Sporcle, you need to verify the email address you used during registration. Go to your Sporcle Settings to finish the process.

Report this User

Report this user for behavior that violates our Community Guidelines.

Details: